000
00323nam a2200121Ia 4500
008
220217s9999 xx 000 0 und d
245
0
_a
Methods of sampling and test for rubber hoses. (Second Revision).
260
_c
1975
500
_a
Standard number: IS 443
650
_a
Rubber hose
650
_a
Sampling
942
_c
ST
999
_c
73778
_d
73778